000 00380nam a2200121Ia 4500
008 160712s9999 xx 000 0 und d
100 _aAlvarez, Kerby C.
245 _cKerby C. Alvarez
_aContestations of Memory in Southeast Asia
260 _c2013
_bHukay
300 _avol. 18
650 _xARCHAEOLOGY
856 _uhttp://journals.upd.edu.ph/index.php/asp/issue/view/408/showToc
999 _c297260
_d297260